[Event "Ct. Catalunya juvenil"]
[Site "?"]
[Date "2011.04.24"]
[Round "8"]
[White "Fernandez Aguilar, F."]
[Black "Palomo Teruel, X."]
[Result "0-1"]
[WhiteElo "1924"]
[BlackElo "2052"]
[PlyCount "66"]
[EventDate "2011.??.??"]
[EventType "swiss"]
[EventRounds "8"]

1. e4 c5 2. Nf3 d6 3. d4 Nf6 4. Nc3 cxd4 5. Nxd4 a6 6. Bg5 e6 7. f4 Nbd7 8. Qf3
h6 9. Bh4 e5 10. Bxf6 Nxf6 11. fxe5 dxe5 12. Nf5 Bxf5 13. exf5 Qc7 14. O-O-O
Be7 15. g4 Rc8 16. Bd3 Qc6 17. Qxc6+ Rxc6 18. h3 O-O 19. Ne4 Rfc8 20. Nxf6+
Bxf6 21. Be4 R6c7 22. Rd6 Bg5+ 23. Kb1 Be7 24. Rb6 Rb8 25. Rd1 Bc5 26. Rb3 Kf8
27. Rbd3 Ke7 28. c3 b5 29. b4 Bf2 30. Kb2 Rbc8 31. Rd6 Rxc3 32. Rxa6 R3c4 33.
Ra7+ Bxa7 0-1

[Event "Ct. Catalunya juvenil"]
[Site "?"]
[Date "2011.04.24"]
[Round "8"]
[White "Fernandez Diaz, C."]
[Black "Rojano Alfonso, C."]
[Result "1/2-1/2"]
[WhiteElo "2052"]
[BlackElo "2011"]
[PlyCount "180"]
[EventDate "2011.??.??"]
[EventType "swiss"]
[EventRounds "8"]

1. d4 f5 2. h3 d6 3. c4 Nf6 4. Nf3 g6 5. g3 Bg7 6. Bg2 O-O 7. O-O Nc6 8. Nc3 e5
9. d5 Nb8 10. Ng5 Qe7 11. Qd2 h6 12. Ne6 Bxe6 13. dxe6 c6 14. Rd1 Ne8 15. b3
Qxe6 16. Ba3 e4 17. Rac1 Rf6 18. f3 exf3 19. Bxf3 Na6 20. Nd5 Rf7 21. Nf4 Qf6
22. b4 Nac7 23. b5 cxb5 24. Bxb7 Rb8 25. Bf3 Qg5 26. Kg2 Be5 27. h4 Bxf4 28.
Qxf4 Qxf4 29. gxf4 b4 30. Bb2 Kh7 31. c5 dxc5 32. Rxc5 Ne6 33. Rc4 Re7 34. Be5
Rb6 35. Rd5 N8c7 36. Ra5 a6 37. Ra4 b3 38. axb3 Rxb3 39. Rc6 Rd7 40. Rac4 Rb7
41. Kf2 a5 42. e4 fxe4 43. Bxe4 Rb4 44. h5 Rxc4 45. hxg6+ Kg8 46. Rxc4 Re7 47.
Ke3 Ne8 48. f5 Ng5 49. Bd5+ Kf8 50. Kd4 Rd7 51. Kc5 Nc7 52. g7+ Rxg7 53. Bxg7+
Kxg7 54. Bb7 Kf6 55. Bc8 Nf7 56. Re4 Ne5 57. Re2 Ne8 58. Kd4 Nc6+ 59. Kc5 Ne5
60. Rh2 Ng7 61. Rxh6+ Kg5 62. Rh1 Nxf5 63. Rg1+ Ng4 64. Bxf5 Kxf5 65. Kb5 Kf4
66. Kxa5 Ne3 67. Kb5 Ke4 68. Kc5 Kd3 69. Rg8 Ke4 70. Re8+ Kf4 71. Kd4 Nf5+ 72.
Kd3 Nd6 73. Re1 Nf5 74. Kc4 Ne3+ 75. Kc5 Ke4 76. Rh1 Kd3 77. Rh4 Nf5 78. Ra4
Ne3 79. Kd6 Nc4+ 80. Kc5 Ne3 81. Rd4+ Kc3 82. Rd8 Nc4 83. Rh8 Ne3 84. Rh3 Kd3
85. Rh4 Nf5 86. Ra4 Ne3 87. Rd4+ Kc3 88. Rd8 Nc4 89. Kb5 Ne3 90. Rd7 Nf5
1/2-1/2

[Event "Ct. Catalunya juvenil"]
[Site "?"]
[Date "2011.04.24"]
[Round "8"]
[White "Frances Cuscullola, O."]
[Black "Fernandez Soriano, R."]
[Result "1/2-1/2"]
[WhiteElo "2077"]
[BlackElo "2080"]
[PlyCount "60"]
[EventDate "2011.??.??"]
[EventType "swiss"]
[EventRounds "8"]

1. c3 Nf6 2. Nf3 b6 3. d4 Bb7 4. Nbd2 e6 5. Qc2 c5 6. e4 cxd4 7. Nxd4 Nc6 8.
Bd3 Rc8 9. Nxc6 Bxc6 10. O-O Qc7 11. g3 h5 12. Nf3 Ng4 13. h3 Nf6 14. Nd4 Bc5
15. Be3 h4 16. g4 d5 17. Nxc6 Qxc6 18. Bxc5 bxc5 19. exd5 Nxd5 20. Be4 O-O 21.
Qd2 Qb6 22. Bxd5 exd5 23. Rab1 d4 24. cxd4 cxd4 25. Rfd1 Rfd8 26. Qd3 a5 27.
Rd2 Rc6 28. Rbd1 a4 29. Qe4 Rcd6 30. Qf4 Qc5 1/2-1/2

[Event "Ct. Catalunya juvenil"]
[Site "?"]
[Date "2011.04.24"]
[Round "8"]
[White "Gotes Perez, J."]
[Black "Montiel Baeza, A."]
[Result "0-1"]
[WhiteElo "1790"]
[BlackElo "1908"]
[PlyCount "72"]
[EventDate "2011.??.??"]
[EventType "swiss"]
[EventRounds "8"]

1. e4 e6 2. d4 d5 3. Nc3 Bb4 4. Nge2 dxe4 5. a3 Be7 6. Nxe4 Nf6 7. N2g3 Nbd7 8.
c3 Nxe4 9. Nxe4 Nf6 10. Bd3 Qd5 11. Qe2 c6 12. O-O Bd7 13. f3 O-O 14. Qc2 h6
15. Be3 b6 16. c4 Qa5 17. b4 Qa6 18. Bf4 c5 19. dxc5 bxc5 20. Nxc5 Bxc5+ 21.
bxc5 Rfc8 22. Bd6 Ne8 23. Rfd1 Ba4 24. Qc3 Bxd1 25. Rxd1 Nxd6 26. cxd6 Qb6+ 27.
Kh1 Rc5 28. Qd4 Rd8 29. Qf4 Rc6 30. d7 Rc7 31. Rb1 Qa5 32. Qe4 Rcxd7 33. Qh7+
Kf8 34. Qh8+ Ke7 35. Qxg7 Rxd3 36. Rb7+ R8d7 0-1

[Event "Ct. Catalunya juvenil"]
[Site "?"]
[Date "2011.04.24"]
[Round "8"]
[White "Jover Font, P."]
[Black "Muñoz Muñoz, R."]
[Result "0-1"]
[WhiteElo "1712"]
[BlackElo "1768"]
[PlyCount "86"]
[EventDate "2011.??.??"]
[EventType "swiss"]
[EventRounds "8"]

1. e4 e6 2. d4 d5 3. Nd2 Nf6 4. e5 Nfd7 5. Bd3 c5 6. c3 Nc6 7. Ngf3 Qc7 8. O-O
cxd4 9. cxd4 f6 10. exf6 Nxf6 11. Re1 Bd6 12. Nf1 O-O 13. Bg5 Bd7 14. a3 Rae8
15. Rc1 Qb6 16. b4 e5 17. dxe5 Nxe5 18. Be2 Bc6 19. Ne3 Neg4 20. Qb3 Nxf2 21.
Bxf6 Rxf6 22. Kxf2 Bf4 23. Bc4 dxc4 24. Qxc4+ Kh8 25. Qc5 Qxc5 26. Rxc5 Bxh2
27. Ng4 Rxe1 28. Kxe1 Bg3+ 29. Ke2 Re6+ 30. Kd3 b6 31. Rc1 h5 32. Ne3 Bf4 33.
Re1 Bxf3 34. gxf3 Rxe3+ 35. Rxe3 Bxe3 36. Kxe3 g5 37. a4 h4 38. a5 bxa5 39.
bxa5 a6 40. Kf2 Kg7 41. Kg2 Kg6 42. Kf2 Kf5 43. Ke3 Ke5 0-1

[Event "Ct. Catalunya juvenil"]
[Site "?"]
[Date "2011.04.24"]
[Round "8"]
[White "Julian Ortin, EM."]
[Black "Ezquerro Luque, A."]
[Result "0-1"]
[WhiteElo "1745"]
[BlackElo "2055"]
[PlyCount "102"]
[EventDate "2011.??.??"]
[EventType "swiss"]
[EventRounds "8"]

1. d4 g6 2. c4 Bg7 3. e4 d6 4. Nc3 Nd7 5. f4 e5 6. fxe5 dxe5 7. d5 Ne7 8. h4
Nf6 9. Nf3 Nh5 10. Be3 Ng3 11. Rg1 f5 12. Bd3 fxe4 13. Nxe4 Nef5 14. Bg5 Qd7
15. Nf6+ Bxf6 16. Bxf6 O-O 17. Bxe5 Re8 18. Bxf5 Qxf5 19. Qd2 Rxe5+ 20. Nxe5
Qxe5+ 21. Kd1 Qh5+ 22. Kc2 Qxh4 23. b3 Bf5+ 24. Kb2 Qf6+ 25. Ka3 Ne4 26. Qf4
Qe7+ 27. Kb2 h5 28. Rae1 Qf6+ 29. Ka3 Qe7+ 30. Kb2 Re8 31. Re2 c6 32. Rd1 Rd8
33. d6 Qf6+ 34. Ka3 Rxd6 35. Rde1 Re6 36. g4 hxg4 37. Rh1 g3 38. Re3 a5 39. Rd1
Rd6 40. Rde1 Rd2 41. Qb8+ Qf8+ 42. Qxf8+ Kxf8 43. Rxe4 Bxe4 44. Rxe4 g2 45. Rg4
Kf7 46. b4 axb4+ 47. Kxb4 Rxa2 48. Kc5 Kf6 49. Kb6 Rb2+ 50. Kc5 Kf5 51. Rg3 g5
0-1

[Event "Ct. Catalunya juvenil"]
[Site "?"]
[Date "2011.04.24"]
[Round "8"]
[White "Martin Perez, L."]
[Black "Nieto Farreny, F."]
[Result "1/2-1/2"]
[WhiteElo "1856"]
[BlackElo "2044"]
[PlyCount "81"]
[EventDate "2011.??.??"]
[EventType "swiss"]
[EventRounds "8"]

1. e4 c5 2. Nf3 Nc6 3. d4 cxd4 4. Nxd4 g6 5. c4 Nf6 6. Nc3 Nxd4 7. Qxd4 d6 8.
Be2 Bg7 9. Be3 O-O 10. Qd2 Be6 11. Rc1 Qa5 12. f3 Rfc8 13. b3 a6 14. Nd5 Qxd2+
15. Kxd2 Nxd5 16. cxd5 Bd7 17. Rxc8+ Rxc8 18. Rc1 Rxc1 19. Kxc1 f5 20. Bg5 Kf7
21. Kd2 fxe4 22. fxe4 Bf6 23. Bf4 g5 24. Bh5+ Kg7 25. Be3 h6 26. a4 Be5 27. h3
Kf6 28. Kd3 Ba1 29. Bd4+ Bxd4 30. Kxd4 g4 31. h4 a5 32. g3 b6 33. Kc4 Ke5 34.
Bg6 e6 35. Bf7 exd5+ 36. Bxd5 Be8 37. Kd3 b5 38. axb5 Bxb5+ 39. Ke3 a4 40. bxa4
Bxa4 41. Bb7 1/2-1/2

[Event "Ct. Catalunya juvenil"]
[Site "?"]
[Date "2011.04.24"]
[Round "8"]
[White "Martinez Ramirez, E."]
[Black "Subirats Ruiz, S."]
[Result "1-0"]
[WhiteElo "2173"]
[BlackElo "2206"]
[PlyCount "121"]
[EventDate "2011.??.??"]
[EventType "swiss"]
[EventRounds "8"]

1. c4 Nf6 2. Nc3 d5 3. cxd5 Nxd5 4. g3 Nxc3 5. bxc3 g6 6. Bg2 Bg7 7. h4 O-O 8.
h5 c5 9. Rb1 Nc6 10. hxg6 hxg6 11. Qa4 e5 12. Ba3 Qd6 13. Qh4 Rd8 14. Bxc6 bxc6
15. Nf3 Ba6 16. d4 exd4 17. Qh7+ Kf8 18. cxd4 Bxd4 19. Nxd4 Qxd4 20. Qh6+ Qg7
21. Qh8+ Qxh8 22. Rxh8+ Kg7 23. Rxd8 Rxd8 24. Bxc5 Rd7 25. Rb4 Kf6 26. Ra4 Bb5
27. Rxa7 Rxa7 28. Bxa7 Ke5 29. Kd2 Kd5 30. g4 Kc4 31. a3 c5 32. g5 Ba4 33. e3
Bc6 34. Ke2 Kb5 35. Kd3 Bd5 36. e4 Bc4+ 37. Ke3 Be6 38. Kd3 c4+ 39. Kc3 Ka4 40.
Bc5 Kb5 41. Be7 Ka4 42. f4 Kb5 43. Bb4 Ka4 44. Bf8 Kb5 45. Be7 Ka5 46. Bb4+ Ka4
47. Kd4 Kb3 48. Ke5 c3 49. Kf6 c2 50. Bd2 Kxa3 51. e5 Kb2 52. f5 gxf5 53. g6
fxg6 54. Kxe6 c1=Q 55. Bxc1+ Kxc1 56. Kd5 Kd2 57. e6 g5 58. e7 f4 59. Ke4 Ke2
60. e8=Q Kf2 61. Qh5 1-0

[Event "Ct. Catalunya juvenil"]
[Site "?"]
[Date "2011.04.24"]
[Round "8"]
[White "Muratet Carmona, J."]
[Black "Campos Cayuelas, A."]
[Result "0-1"]
[WhiteElo "1682"]
[BlackElo "1906"]
[PlyCount "86"]
[EventDate "2011.??.??"]
[EventType "swiss"]
[EventRounds "8"]

1. e4 e5 2. Nf3 Qe7 3. Nc3 c6 4. Bc4 d6 5. O-O Bg4 6. Be2 Nf6 7. d4 Nbd7 8.
dxe5 dxe5 9. Be3 g6 10. Nd2 Bxe2 11. Qxe2 Bg7 12. Rad1 b5 13. a3 O-O 14. Nf3 a5
15. Bg5 b4 16. axb4 axb4 17. Nb1 Ra2 18. c3 b3 19. Rd2 Nc5 20. Bxf6 Qxf6 21.
Qc4 Qe7 22. Na3 Bh6 23. Re2 Rd8 24. Qb4 Rd7 25. Qb8+ Bf8 26. Qxe5 Qd8 27. Nc4
Na4 28. Nd4 Bg7 29. Nxc6 Bxe5 30. Nxd8 Nxc3 31. Ree1 Rxd8 32. Nxe5 Rxb2 33. Nc4
Ra2 34. Re3 Ne2+ 35. Kh1 Rb8 36. Rb1 Rb4 37. Nb2 Nd4 38. Nd3 Rb8 39. f3 b2 40.
h3 Nc2 41. Re2 Ra1 42. Rxc2 Rxb1+ 43. Kh2 Rh1+ 0-1

[Event "Ct. Catalunya juvenil"]
[Site "?"]
[Date "2011.04.24"]
[Round "8"]
[White "Pruja Ramirez de Cartagena, M."]
[Black "Panella Navarro, S."]
[Result "1-0"]
[WhiteElo "2248"]
[BlackElo "2088"]
[PlyCount "101"]
[EventDate "2011.??.??"]
[EventType "swiss"]
[EventRounds "8"]

1. e4 c5 2. Ne2 Nc6 3. d4 cxd4 4. Nxd4 e6 5. Nb5 d6 6. c4 a6 7. N5c3 Nf6 8. Be3
Be7 9. Be2 O-O 10. O-O b6 11. f3 Qc7 12. Na3 Bb7 13. Rc1 Ne5 14. Qd2 Rac8 15.
Rfd1 Rfe8 16. Kh1 Bf8 17. Bf1 Ned7 18. Qf2 Ba8 19. c5 bxc5 20. Bxa6 Rb8 21. Bf4
Nh5 22. Bxd6 Bxd6 23. Nab5 Qa5 24. Nxd6 Red8 25. Bb5 Nhf6 26. a4 Qc7 27. Bxd7
Rxd7 28. Ndb5 Qe5 29. Rxd7 Nxd7 30. Rd1 Bc6 31. Qd2 Ra8 32. b3 h5 33. Kg1 h4
34. Qd6 Bxb5 35. Nxb5 Qxd6 36. Rxd6 Ne5 37. f4 Ng6 38. Rc6 Nxf4 39. Rxc5 Rd8
40. Rc2 Rd1+ 41. Kf2 Rb1 42. Rc3 Rb2+ 43. Kf3 Nxg2 44. a5 f5 45. exf5 exf5 46.
a6 g5 47. h3 Ne1+ 48. Ke3 Ng2+ 49. Kd4 Rd2+ 50. Ke5 Rd8 51. a7 1-0

[Event "Ct. Catalunya juvenil"]
[Site "?"]
[Date "2011.04.24"]
[Round "8"]
[White "Sabria Batlle, P."]
[Black "Bulto Gonzalvo, R."]
[Result "1-0"]
[WhiteElo "2211"]
[BlackElo "1873"]
[PlyCount "93"]
[EventDate "2011.??.??"]
[EventType "swiss"]
[EventRounds "8"]

1. e4 c5 2. Nf3 e6 3. d4 cxd4 4. Nxd4 Nc6 5. Nxc6 bxc6 6. Bd3 e5 7. O-O Nf6 8.
f4 d6 9. Kh1 Be7 10. Nc3 O-O 11. Qf3 Re8 12. Bc4 Qd7 13. h3 Bb7 14. fxe5 dxe5
15. Qg3 Bd8 16. Be3 Bc8 17. Rad1 Qc7 18. Bh6 Nh5 19. Qf3 Nf6 20. Qg3 Nh5 21.
Qf3 Nf6 22. Be3 Be6 23. Bb3 Bxb3 24. axb3 Be7 25. Ra1 Reb8 26. Ra6 Bf8 27. Rfa1
Rb7 28. Qe2 Nd7 29. Qc4 Nb6 30. Bxb6 Rxb6 31. Nd5 Rxa6 32. Rxa6 Qd8 33. Rxc6 h5
34. Qe2 Qg5 35. Qe3 Qh4 36. Rc7 Bd6 37. Rd7 Bf8 38. Qf3 f6 39. b4 Rc8 40. Qe2
Qg3 41. Qxh5 Qe1+ 42. Kh2 Qxe4 43. Qf7+ Kh8 44. Qh5+ Kg8 45. c3 Qc2 46. Qg4 Qf2
47. Ne7+ 1-0

[Event "Ct. Catalunya juvenil"]
[Site "?"]
[Date "2011.04.24"]
[Round "8"]
[White "Triadu Cassa, J."]
[Black "Moreno Martin, D."]
[Result "1-0"]
[WhiteElo "2042"]
[BlackElo "2171"]
[PlyCount "71"]
[EventDate "2011.??.??"]
[EventType "swiss"]
[EventRounds "8"]

1. e4 e6 2. d4 d5 3. Nc3 Bb4 4. e5 c5 5. a3 Bxc3+ 6. bxc3 Ne7 7. Nf3 b6 8. a4
Qc7 9. Bb5+ Bd7 10. Bd3 Nbc6 11. O-O h6 12. Re1 O-O 13. dxc5 bxc5 14. c4 Na5
15. Qe2 Bc6 16. Nd2 Ng6 17. cxd5 Bxd5 18. Qg4 c4 19. Bxg6 fxg6 20. Ba3 Rf5 21.
Bd6 Qf7 22. f3 Nc6 23. c3 Kh7 24. Qg3 Ne7 25. Rab1 Rf8 26. Qf2 Rg5 27. Ne4 Bxe4
28. Rxe4 Nd5 29. Bxf8 Qxf8 30. h4 Rf5 31. Rb7 Nxc3 32. Rxc4 Nd5 33. Qxa7 Rxe5
34. Rf7 Qg8 35. Rc8 Re1+ 36. Kh2 1-0

[Event "Ct. Catalunya juvenil"]
[Site "?"]
[Date "2011.04.24"]
[Round "8"]
[White "Vazquez Kaufmann, D."]
[Black "Ventura Bolet, M."]
[Result "1/2-1/2"]
[WhiteElo "1689"]
[BlackElo "1987"]
[PlyCount "151"]
[EventDate "2011.??.??"]
[EventType "swiss"]
[EventRounds "8"]

1. e4 c5 2. Nf3 e6 3. d4 cxd4 4. Nxd4 a6 5. Nc3 Qc7 6. Be2 Nc6 7. O-O Nf6 8.
Be3 b5 9. Nxc6 dxc6 10. e5 Qxe5 11. Bf3 Qc7 12. Bd4 Bb7 13. Qe2 Bd6 14. h3 Rd8
15. Rad1 b4 16. Bxf6 gxf6 17. Ne4 Be7 18. Qc4 c5 19. Rxd8+ Kxd8 20. Rd1+ Kc8
21. c3 f5 22. Nd2 bxc3 23. bxc3 Rg8 24. Rb1 Bxf3 25. Nxf3 Qc6 26. g3 Bf6 27.
Nd4 Bxd4 28. cxd4 f4 29. dxc5 fxg3 30. f3 Rg5 31. Rb6 Qxc5+ 32. Qxc5+ Rxc5 33.
Rxa6 Kb7 34. Ra4 Rg5 35. Kg2 f5 36. f4 Rg8 37. Ra3 Kc6 38. Rxg3 Ra8 39. a3 Ra4
40. Rc3+ Kd5 41. Kf3 e5 42. fxe5 Kxe5 43. Rb3 Kf6 44. Kg3 Kg5 45. Kf3 h5 46.
Kg3 f4+ 47. Kf3 Kh4 48. Kg2 Rc4 49. Rf3 Rd4 50. Rf2 Rd3 51. Rf3 Rd4 52. Rf2 Kg5
53. Rc2 Rd3 54. Ra2 Kh4 55. a4 Rg3+ 56. Kh1 Rxh3+ 57. Kg1 Rc3 58. a5 Kg3 59.
Ra1 Rc7 60. a6 Ra7 61. Ra5 h4 62. Rg5+ Kf3 63. Ra5 Kg4 64. Kg2 h3+ 65. Kh2 Kf3
66. Ra3+ Kg4 67. Ra5 Kf3 68. Ra3+ Kg4 69. Ra5 Kh4 70. Ra4 Kg4 71. Ra5 Rc7 72.
a7 Rc2+ 73. Kh1 Rc1+ 74. Kh2 Rc2+ 75. Kh1 Kg3 76. Ra3+ 1/2-1/2

[Event "Ct. Catalunya juvenil"]
[Site "?"]
[Date "2011.04.24"]
[Round "8"]
[White "Ventura Bolet, A."]
[Black "Alquezar Calpena, M."]
[Result "1-0"]
[WhiteElo "1740"]
[BlackElo "1800"]
[PlyCount "49"]
[EventDate "2011.??.??"]
[EventType "swiss"]
[EventRounds "8"]

1. e4 c5 2. Nf3 Nc6 3. d4 cxd4 4. Nxd4 Nf6 5. Nc3 e6 6. Ndb5 Bb4 7. a3 Bxc3+ 8.
Nxc3 d5 9. exd5 exd5 10. Bd3 O-O 11. O-O Re8 12. Bg5 Be6 13. Re1 h6 14. Bh4 g5
15. Bg3 Qd7 16. h4 Bf5 17. hxg5 hxg5 18. Qf3 Nd4 19. Rxe8+ Rxe8 20. Qd1 Bxd3
21. Qxd3 Nf5 22. Rd1 Rd8 23. Qd2 Nxg3 24. Qxg5+ Kf8 25. Qxf6 1-0

[Event "Ct. Catalunya juvenil"]
[Site "?"]
[Date "2011.04.24"]
[Round "8"]
[White "Vicente Bessen, K."]
[Black "Sanchez Urpi, O."]
[Result "0-1"]
[WhiteElo "1690"]
[BlackElo "1962"]
[PlyCount "88"]
[EventDate "2011.??.??"]
[EventType "swiss"]
[EventRounds "8"]

1. d4 Nf6 2. Bg5 e6 3. Nf3 d5 4. e3 c6 5. a3 Nbd7 6. Bd3 Qb6 7. Bxf6 Nxf6 8.
Qc1 c5 9. Nbd2 Bd7 10. O-O Bd6 11. dxc5 Bxc5 12. Ne5 a5 13. Nb3 Bd6 14. Nxd7
Nxd7 15. a4 O-O 16. Nd4 Rac8 17. Nb5 Bb8 18. Qd2 Rc5 19. Rac1 e5 20. e4 dxe4
21. Bxe4 Nf6 22. Qe2 Nxe4 23. Qxe4 f5 24. Qe3 Kh8 25. Rfd1 Qc6 26. c3 h6 27. b4
Rc4 28. Qd3 axb4 29. Qd2 b3 30. Ra1 f4 31. Qd5 Qxd5 32. Rxd5 b2 33. Rb1 Rxa4
34. Kf1 Ra1 35. Rdd1 Rc8 36. Rxa1 bxa1=Q 37. Rxa1 Rc5 38. Ra8 Rxb5 39. Rxb8+
Kh7 40. Ke2 Kg6 41. Rd8 Rb2+ 42. Ke1 Kf5 43. g3 g5 44. Rd6 h5 0-1

[Event "Ct. Catalunya juvenil"]
[Site "?"]
[Date "2011.04.24"]
[Round "8"]
[White "Vidal Zamora, A."]
[Black "Bardera Gil, S."]
[Result "1/2-1/2"]
[WhiteElo "2128"]
[BlackElo "2025"]
[PlyCount "89"]
[EventDate "2011.??.??"]
[EventType "swiss"]
[EventRounds "8"]

1. e4 c5 2. Nf3 d6 3. d4 cxd4 4. Nxd4 Nf6 5. Nc3 g6 6. Be3 Bg7 7. f3 Nc6 8. Qd2
O-O 9. O-O-O d5 10. Nxc6 bxc6 11. exd5 cxd5 12. Nxd5 Nxd5 13. Qxd5 Qc7 14. Qxa8
Bf5 15. Qxf8+ Kxf8 16. Rd2 h5 17. Be2 Qb8 18. b3 Kg8 19. Rhd1 Qb4 20. Rd8+ Kh7
21. Bd4 e5 22. Bb2 Qa5 23. Kb1 Qc7 24. Bc4 Qc5 25. a4 Bf6 26. R8d5 Qe7 27. Rd6
Bg7 28. a5 Qg5 29. R6d2 Qe7 30. a6 Qc7 31. Rd8 Qc5 32. R1d2 Qg1+ 33. Ka2 Qb6
34. Bc3 Qe3 35. Kb2 Qc5 36. Bxf7 Bf6 37. Rb8 Be7 38. Rb7 Qa3+ 39. Kb1 Kh6 40.
Bxe5 Bb4 41. Bb2 Qa5 42. Rd5 Bc5 43. Bg8 Qe1+ 44. Ka2 Qa5+ 45. Kb1 1/2-1/2

[Event "Ct. Girona indiv. Absolut"]
[Site "?"]
[Date "2011.10.09"]
[Round "1"]
[White "Capallera Guirado, F."]
[Black "Diaz Muñoz, S."]
[Result "0-1"]
[WhiteElo "1554"]
[BlackElo "2040"]
[PlyCount "36"]
[EventDate "2011.??.??"]
[EventType "swiss"]

1. e4 c5 2. Nf3 g6 3. d4 cxd4 4. Nxd4 Bg7 5. Nc3 Nc6 6. Be3 Nf6 7. Nxc6 bxc6 8.
e5 Nd5 9. Nxd5 cxd5 10. Qxd5 Rb8 11. Bd4 Bb7 12. Qc4 O-O 13. f3 e6 14. Bc3 Qg5
15. h4 Qg3+ 16. Kd1 Bxf3+ 17. Be2 Qxg2 18. Bxf3 Qxf3+ 0-1

[Event "Ct. Girona indiv. Absolut"]
[Site "?"]
[Date "2011.10.09"]
[Round "1"]
[White "Colls Bosch, E."]
[Black "Camps Carreras, M."]
[Result "1-0"]
[WhiteElo "2063"]
[BlackElo "1596"]
[PlyCount "59"]
[EventDate "2011.??.??"]
[EventType "swiss"]

1. e4 e5 2. Nc3 Nf6 3. g3 Nc6 4. Bg2 Bc5 5. Nge2 d6 6. Na4 Be6 7. O-O Qd7 8. d3
Bh3 9. Nxc5 dxc5 10. Be3 Bxg2 11. Kxg2 Nd4 12. f4 Ng4 13. Bg1 O-O-O 14. h3 Nh6
15. fxe5 Ne6 16. Be3 Rhe8 17. Nf4 Ng5 18. h4 Ne6 19. Nh5 Rg8 20. Bxh6 gxh6 21.
Nf6 Qd4 22. Nxg8 Rxg8 23. Qh5 Qe3 24. Qf3 Qxf3+ 25. Rxf3 Rg7 26. c3 Kd7 27. Rf6
h5 28. Raf1 Ke7 29. R1f5 Rg6 30. Rxf7+ 1-0

[Event "Ct. Girona indiv. Absolut"]
[Site "?"]
[Date "2011.10.09"]
[Round "1"]
[White "Colls Gelaberto, E."]
[Black "Iglesias Santos, D."]
[Result "1-0"]
[WhiteElo "2184"]
[BlackElo "1691"]
[PlyCount "81"]
[EventDate "2011.??.??"]
[EventType "swiss"]

1. d4 Nf6 2. c4 c5 3. Nf3 cxd4 4. Nxd4 Nc6 5. Nc3 Qb6 6. Nb3 e5 7. g3 Ng4 8. e3
Nf6 9. Bg2 d6 10. h3 Qb4 11. Nd2 Be6 12. a3 Qa5 13. O-O Qd8 14. Nd5 Qd7 15. Qf3
Bxd5 16. cxd5 Ne7 17. e4 Qb5 18. Re1 Nd7 19. Bf1 Qa5 20. b4 Qc7 21. Nc4 g6 22.
Bg5 Bg7 23. Rac1 Qb8 24. Rc2 f6 25. Bd2 O-O 26. Ne3 f5 27. Rec1 fxe4 28. Qxe4
Nf6 29. Qd3 Rc8 30. Rxc8+ Nxc8 31. h4 Ne7 32. Bh3 Qe8 33. Be6+ Kh8 34. Rc7 Rb8
35. b5 Qd8 36. Qc4 h6 37. Bb4 Kh7 38. Qc2 Bf8 39. h5 Nxh5 40. Rd7 Qe8 41. Bxd6
1-0

[Event "Ct. Girona indiv. Absolut"]
[Site "?"]
[Date "2011.10.09"]
[Round "1"]
[White "Dellonder Domenech, E."]
[Black "Triadu Cassa, J."]
[Result "0-1"]
[WhiteElo "1619"]
[BlackElo "2111"]
[PlyCount "57"]
[EventDate "2011.??.??"]
[EventType "swiss"]

1. e4 e5 2. Nf3 Nc6 3. d3 Nf6 4. c4 Bc5 5. Bg5 h6 6. Be3 d6 7. Nc3 Bg4 8. h3
Bxf3 9. Qxf3 Nd4 10. Qd1 O-O 11. a3 a5 12. Be2 c6 13. O-O Qe7 14. Kh1 Rfb8 15.
f4 b5 16. cxb5 cxb5 17. fxe5 dxe5 18. Bf3 b4 19. Nd5 Nxd5 20. exd5 bxa3 21. d6
Bxd6 22. Bxa8 axb2 23. Rb1 Rxa8 24. Rxb2 a4 25. Bxd4 exd4 26. Qf3 Ra7 27. Rfb1
a3 28. Rb7 a2 29. Qc6 0-1

[Event "Ct. Girona indiv. Absolut"]
[Site "?"]
[Date "2011.10.09"]
[Round "1"]
[White "Garcia Castany Musellas, G."]
[Black "Bosch Peracaula, M."]
[Result "1-0"]
[WhiteElo "2037"]
[BlackElo "1546"]
[PlyCount "45"]
[EventDate "2011.??.??"]
[EventType "swiss"]

1. e4 d6 2. d4 g6 3. Nc3 Bg7 4. Be3 c6 5. Qd2 b5 6. O-O-O a5 7. f3 Be6 8. d5
cxd5 9. Bxb5+ Bd7 10. Bxd7+ Nxd7 11. Nxd5 e6 12. Nc3 Ra6 13. Bd4 Bh6 14. Be3
Bg7 15. Nb5 Qb8 16. a4 Ne7 17. Bd4 O-O 18. Bxg7 Kxg7 19. Nxd6 Nc5 20. Qd4+ f6
21. Qxc5 Rd8 22. e5 fxe5 23. Qxe5+ 1-0

[Event "Ct. Girona indiv. Absolut"]
[Site "?"]
[Date "2011.10.09"]
[Round "1"]
[White "Iglesias Santos, R."]
[Black "Huici Bentue, D."]
[Result "0-1"]
[WhiteElo "1616"]
[BlackElo "2070"]
[PlyCount "72"]
[EventDate "2011.??.??"]
[EventType "swiss"]

1. d4 d5 2. c4 dxc4 3. Nf3 Nf6 4. e3 e6 5. Bxc4 c5 6. O-O a6 7. Qe2 b5 8. Bb3
c4 9. Bc2 Bb7 10. e4 Be7 11. Rd1 Nc6 12. d5 exd5 13. exd5 Nxd5 14. Be4 Ncb4 15.
Nc3 O-O 16. a3 Nd3 17. Bxd5 Bxd5 18. Nxd5 Bc5 19. Ne3 Qb6 20. Ne1 Nxc1 21.
Raxc1 Rae8 22. N1c2 Re6 23. Qf3 Rf6 24. Qg3 Rg6 25. Qf3 Rf6 26. Qg3 Rg6 27. Nd5
Qa7 28. Qf3 Qa8 29. Qc3 Re8 30. Rd2 Rg5 31. Nf4 Re4 32. Rcd1 Bb6 33. h4 Rg4 34.
Ne3 Rgxf4 35. Nd5 Rg4 36. Nxb6 Re1+ 0-1

[Event "Ct. Girona indiv. Absolut"]
[Site "?"]
[Date "2011.10.09"]
[Round "1"]
[White "Mas Recorda, P."]
[Black "Palmero Castillo, M."]
[Result "1-0"]
[WhiteElo "2087"]
[BlackElo "1619"]
[PlyCount "55"]
[EventDate "2011.??.??"]
[EventType "swiss"]

1. d4 Nf6 2. c4 e6 3. a3 c5 4. d5 exd5 5. cxd5 d6 6. Nc3 g6 7. e4 Bg7 8. Bd3
O-O 9. Nge2 a6 10. O-O b5 11. Bg5 Re8 12. Ng3 Nbd7 13. f4 Qc7 14. Kh1 c4 15.
Bc2 Nc5 16. h3 Rb8 17. Qf3 Nfd7 18. Rae1 a5 19. e5 dxe5 20. fxe5 Nxe5 21. Qf4
b4 22. Nce4 Nxe4 23. Nxe4 Bf5 24. Nf6+ Kh8 25. Bxf5 gxf5 26. Qh4 Bxf6 27. Bxf6+
Kg8 28. Qh6 1-0

[Event "Ct. Girona indiv. Absolut"]
[Site "?"]
[Date "2011.10.09"]
[Round "1"]
[White "Mundet Riera, J."]
[Black "Medina Barbero, P."]
[Result "1-0"]
[WhiteElo "2136"]
[BlackElo "1678"]
[PlyCount "55"]
[EventDate "2011.??.??"]
[EventType "swiss"]

1. e4 c5 2. Nf3 d6 3. d4 cxd4 4. Nxd4 Nc6 5. Nc3 a6 6. Be3 Nf6 7. Be2 e6 8. O-O
Be7 9. Kh1 O-O 10. f4 Re8 11. Qe1 Nxd4 12. Bxd4 b5 13. Bf3 Bb7 14. a3 Rc8 15.
Qg3 Rc4 16. Rad1 Bf8 17. e5 Bxf3 18. Qxf3 Nd7 19. f5 dxe5 20. fxe6 fxe6 21.
Qf7+ Kh8 22. Bxe5 Re7 23. Qf2 Kg8 24. Bd6 Re8 25. Qf7+ Kh8 26. Bxf8 Rxf8 27.
Qxd7 Rcf4 28. Rxf4 1-0

[Event "Ct. Girona indiv. Absolut"]
[Site "?"]
[Date "2011.10.09"]
[Round "1"]
[White "Pruja Ramirez de Cartagena, E."]
[Black "Lillo Castany, V."]
[Result "0-1"]
[WhiteElo "1699"]
[BlackElo "2286"]
[PlyCount "76"]
[EventDate "2011.??.??"]
[EventType "swiss"]

1. e4 c5 2. Nc3 d6 3. f4 Nc6 4. Nf3 g6 5. Bb5 Bg7 6. d3 e6 7. e5 Nge7 8. Ne4
dxe5 9. fxe5 O-O 10. Bxc6 Nxc6 11. Bf4 h6 12. Qd2 g5 13. Bg3 g4 14. Nh4 Nxe5
15. Bxe5 Qxh4+ 16. g3 Qd8 17. Bxg7 Kxg7 18. Qf4 f5 19. Qe5+ Kg6 20. Nxc5 Qa5+
21. Qc3 Qxc3+ 22. bxc3 b6 23. Nb3 Bb7 24. O-O h5 25. Rfe1 Kf6 26. Re2 h4 27.
Rae1 Rae8 28. Nd4 e5 29. Nb5 Bf3 30. Re3 hxg3 31. hxg3 Rh8 32. Rxf3 gxf3 33.
Kf2 e4 34. dxe4 fxe4 35. Kg1 e3 36. Rf1 Kg5 37. Nd4 e2 38. Re1 Rh1+ 0-1

[Event "Ct. Girona indiv. Absolut"]
[Site "?"]
[Date "2011.10.09"]
[Round "1"]
[White "Recuero Gomez, MA."]
[Black "Vidal Zamora, A."]
[Result "0-1"]
[WhiteElo "1688"]
[BlackElo "2137"]
[PlyCount "80"]
[EventDate "2011.??.??"]
[EventType "swiss"]

1. d4 Nf6 2. Bg5 e6 3. e4 h6 4. Bxf6 Qxf6 5. Nf3 d5 6. e5 Qd8 7. Bd3 c5 8. c3
Be7 9. O-O b6 10. Nbd2 Qd7 11. a4 Ba6 12. Qb1 Bxd3 13. Qxd3 Nc6 14. Rfd1 O-O
15. Nf1 Rac8 16. Ng3 Rc7 17. Nh5 Rfc8 18. Qe3 cxd4 19. cxd4 Nb4 20. Qf4 Bf8 21.
Qg4 Qd8 22. Nf6+ Kh8 23. Nh5 Rc2 24. b3 R8c3 25. Rab1 Nd3 26. Rf1 a5 27. Ne1
Nxe1 28. Rfxe1 Qg5 29. Qxg5 hxg5 30. h3 Ba3 31. Ng3 Bb2 32. Re2 Rc1+ 33. Rxc1
Rxc1+ 34. Kh2 Bxd4 35. Rd2 Bxe5 36. Re2 Bf4 37. Rb2 d4 38. b4 d3 39. bxa5 bxa5
40. Rb7 d2 0-1